Presidents de Catalunya - Statistics

General Stats
  • This quiz has been taken 78 times
  • The average score is 10 of 12
Answer Stats
Hint Answer % Correct
130è Carles Puigdemont
97%
133è Salvador Illa
96%
129è Artur Mas
94%
132è Pere Aragonès
94%
126è Jordi Pujol
93%
131è Quim Torra
89%
128è José Montilla
80%
123è Lluís Companys
80%
127è Pasqual Maragall
77%
122è Francesc Macià
71%
125è Josep Tarradelles
63%
124è Josep Irla
44%
No matching quizzes found
Score Distribution
Percent of People with Each Score
Percentile by Number Answered
Your Score History
You have not taken this quiz